| 000 | 01294nam a2200289 i 4500 | ||
|---|---|---|---|
| 001 | 43497 | ||
| 003 | ES-MaACL | ||
| 005 | 20251120142802.0 | ||
| 007 | t| | ||
| 008 | 030318s1905 sp ||||1| spa d | ||
| 080 | _a821.134.2-32"15" | ||
| 080 | _a821.134.2 Cervantes Saavedra, Miguel de 7 Rinconete y Cortadillo.07 | ||
| 100 | 1 |
_aCervantes Saavedra, Miguel de, _d1547-1616 _9226514 |
|
| 240 | 1 | 0 | _aRinconete y Cortadillo |
| 245 | 1 | 0 |
_aRinconete y Cortadillo / _cnovela de Miguel de Cervantes Saavedra ; edición crítica por Francisco Rodríquez Marín. |
| 260 |
_aSevilla : _b[s.n.], _c1905 ( _fTip. de Francisco de P. Díaz) |
||
| 300 |
_a486 p. ; _c22 cm. |
||
| 504 | _aReferencias bibliográficas. | ||
| 530 | _aDisponible en formato digital. | ||
| 586 | _a"Obra honrada con el premio, en certamen público extraordinario, por votación unánime de la Real Academia Española, e impresa a sus expensas" | ||
| 600 | 1 | 4 |
_aCervantes Saavedra, Miguel de, _d1547-1616. _tRinconete y Cortadillo _9173128 |
| 700 | 1 |
_aRodríguez Marín, Francisco, _d1855-1943 _998634 |
|
| 852 |
_aES-MaACL _jF-6557 _cDEPO2 |
||
| 856 | 4 |
_uhttps://bibliotecadigital.jcyl.es/es/consulta/registro.do?id=23153 _yBiblioteca Digital de Castilla y León |
|
| 942 | _2udc | ||
| 999 |
_c43497 _d43497 |
||